000 01103nam a22003377a 4500
003 CHAP
005 20220329135035.0
008 971013s r 00010 d
010 _a29975
011 _a30947
035 _a35059
040 _cCHAP
090 _aR-1769
100 0 0 _aCooper, J. P.
_927754
245 _aPotencial production and energy conversion in temperate and tropical grasses
500 _ac.4-5 en bodega
500 _aSobretiro de: Herbage Abst. 40 (1) : 1-15, 1970
590 _aBATCH-UPD
_b10
_c20130110
_lUCH01
_h1103
590 _aBATCH-UPD
_b10
_c20130410
_lUCH01
_h0656
590 _aBATCH-UPD
_b10
_c20130914
_lUCH01
_h1105
590 _aCONVERSION
_b10
_c20130109
_lUCH01
_h1317
650 1 4 _aLuz
_xEfecto en plantas.
_969241
650 1 4 _aPastos
_xFisiología y morfología.
_986034
650 1 4 _aPastos
_xRendimiento.
_986076
650 1 4 _aPastos
_xTrópicos.
_986085
901 _aBK
942 _cFOLL
949 _aR-1769
_bBC
_cR
_d-81061
_eTS1
_i35059
_si
949 _aR-1769
_bBC
_cR
_d-81062
_eTS2
_fc.2
_i35059
_si
949 _aR-1769
_bBC
_cR
_d-81063
_eTS2
_fc.3
_i35059
_si
999 _c29975
_d29975